| 000 | 01199cam a22003617a 4500 | ||
|---|---|---|---|
| 003 | CHAP | ||
| 005 | 20220329142616.0 | ||
| 008 | 020416d1999 us r 00110 eng d | ||
| 010 | _a85610 | ||
| 011 | _a86582 | ||
| 020 | _a1560228741 | ||
| 035 | _a97121 | ||
| 040 | _cCHAP | ||
| 082 | 0 | 4 |
_a633.11 _bS38 |
| 100 | 0 | 0 |
_aSatorre, Emilio H. _eed. _9102700 |
| 245 | 1 | 0 |
_aWheat ecology and physiology of yield determination _c/ed. by Emilio H. Satorre & Gustavo A. Slafer |
| 260 |
_aNew York, N.Y.: _bFood Products, _c1999. |
||
| 300 | _a503 p. | ||
| 590 |
_aBATCH-UPD _b10 _c20130110 _lUCH01 _h0321 |
||
| 590 |
_aBATCH-UPD _b10 _c20130409 _lUCH01 _h2354 |
||
| 590 |
_aBATCH-UPD _b10 _c20130410 _lUCH01 _h1619 |
||
| 590 |
_aBATCH-UPD _b10 _c20130914 _lUCH01 _h2015 |
||
| 590 |
_aCONVERSION _b10 _c20130109 _lUCH01 _h1348 |
||
| 650 | 0 | 4 |
_aTrigo _xProducción. _9115082 |
| 650 | 1 | 4 |
_aTrigo _xFisiología y morfología. _9115027 |
| 650 | 1 | 4 |
_aTrigo _xRendimiento. _9115092 |
| 650 | 1 | 4 |
_aTrigo _xVariedades. _9115119 |
| 700 | 0 | 0 |
_aSlafer, Gustavo A. _9106852 |
| 901 | _aBK | ||
| 905 | _aMayto Villalobos S. | ||
| 942 | _cLIBRO | ||
| 949 |
_a633.11 S38 _bBC _cLIBRO _d33724000865788 _eLIBRO _h102242 _i97121 _si _t$1.894 |
||
| 999 |
_c85610 _d85610 |
||